000 00747cam a2200265 4500
008 090401t1998 xxu||||| |||| 00| 0 eng d
020 _a2884320148
035 _a(Sirsi) u88441
041 _aeng
050 _a624.08
110 _aFederation Internationale des Ingenieurs-Conseils
_9764
245 _aClient / consultant model services agreement.
250 _a3rd ed.
260 _aLausanne, Switzerland
_bFIDIC
_c1998
300 _aii,25p. ; 30cm.
350 _a16.95
650 _aCONSULTANCY AGREEMENTS
650 _aCONSULTANTS
650 _aENGINEERING CONTRACTS
650 _aMODEL SERVICES AGREEMENT
650 _aWHITE BOOK
690 _aBUILT ENVIRONMENT-BUILDING CONTRACT FORMS
942 _n0
948 _c11/09/1998
999 _c97351
_d97351